[Event "XecaAqui!!"]
[Site "http://www.queenalice.com/game.php?id=635885"]
[Date "2009.8.13"]
[Round "1"]
[White "wboton"]
[Black "lucasfais"]
[Result "0-1"]
[WhiteElo "1100"]
[BlackElo "1205"]

1. d4 d5 2. Nf3 Bf5 3. Na3 e6 4. Bf4 Bd6 5. Be3 Nf6 6. Nb5 Nc6 7. Bd2 a6 8. Nc3
Nb4 9. e3 Nxc2+ 10. Ke2 Nxa1 11. Qxa1 b5 12. Ke1 c6 13. g3 Bg4 14. Ng5 h6 15. h3
hxg5 16. e4 dxe4 17. Bxg5 c5 18. dxc5 Bxc5 19. Qd1 Bxd1 20. Nxd1 Bb4+ 21. Nc3
Rc8 22. a4 Rxc3 23. bxc3 Bxc3+ 24. Ke2 Qd3# 0-1

[Event "Challenge"]
[Site "http://www.queenalice.com/game.php?id=641969"]
[Date "2009.8.25"]
[Round "-"]
[White "rferraz"]
[Black "lucasfais"]
[Result "1-0"]
[WhiteElo "1660"]
[BlackElo "1243"]

1. d4 e6 2. c4 d5 3. Nc3 dxc4 4. e4 f5 5. exf5 g6 6. fxg6 hxg6 7. Bxc4 Rh4 8.
Nf3 Rh5 9. O-O Bd7 10. d5 b5 11. dxe6 bxc4 12. exd7+ Qxd7 13. Qxd7+ Nxd7 14.
Re1+ Be7 15. Bf4 O-O-O 16. Ne5 g5 17. Nc6 Rf8 18. Nxe7+ Nxe7 19. Be3 a6 20. Rad1
Nf5 21. h3 Nxe3 22. Rxe3 g4 23. Rde1 Nf6 24. hxg4 Rh4 25. f3 Kd7 26. Re7+ Kc8
27. Ne4 Nd5 28. Re6 Nb4 29. a3 Nd3 30. Rb1 Rfh8 31. Ng3 Nf4 32. Re4 Nd3 33. Rxc4
R4h6 34. b4 Re6 35. Re4 Kd7 36. Rxe6 Kxe6 37. Rd1 Rd8 38. Ne4 Ke5 39. Nc5 Rd6
40. Nxd3+ Kd5 41. Nf4+ 1-0

[Event "Gibbed"]
[Site "http://www.queenalice.com/game.php?id=643458"]
[Date "2009.8.28"]
[Round "-"]
[White "lucasfais"]
[Black "lsdr"]
[Result "1-0"]
[WhiteElo "1241"]
[BlackElo "1537"]

1. e4 d5 2. Nc3 d4 3. Na4 e5 4. Nf3 Nc6 5. Bc4 Nf6 6. Ng5 Bg4 7. f3 Be6 8. Bxe6
fxe6 9. Nxe6 Qd6 10. Nxf8 Qxf8 11. d3 Qb4+ 12. Nc3 dxc3 13. bxc3 Qc5 14. d4 exd4
15. cxd4 Nxd4 16. c3 Qxc3+ 17. Bd2 Nc2+ 18. Ke2 Qc4+ 19. Kf2 Nxe4+ 20. fxe4 O-O+
21. Kg3 Qd3+ 22. Kg4 Qxe4+ 23. Kg3 Ne3 24. Qb3+ Rf7 25. Qxe3 Qg6+ 26. Qg5 Qd6+
27. Bf4 Qd3+ 28. Kg4 Qe2+ 29. Kh4 g6 30. Rad1 Qe4 31. Rd8+ Rxd8 32. Qxd8+ Rf8
33. Qxc7 g5+ 34. Kxg5 Qf5+ 35. Kh4 h5 36. Kg3 Qg4+ 37. Kf2 Re8 38. Re1 Rf8 39.
h3 Qg6 40. Qc4+ Rf7 41. Re8+ Kg7 42. Ke3 Qxg2 43. Qd4+ Rf6 44. Qd7+ Rf7 45. Be5+
Kg6 46. Rg8+ Kh6 47. Qxf7 Qxh3+ 48. Ke4 Qg4+ 49. Bf4+ Qxf4+ 50. Kxf4 h4 51. Qg6#
1-0

[Event "Fragged"]
[Site "http://www.queenalice.com/game.php?id=646808"]
[Date "2009.9.3"]
[Round "-"]
[White "lucasfais"]
[Black "tinogomes"]
[Result "0-1"]
[WhiteElo "1269"]
[BlackElo "1644"]

1. e4 d5 2. f3 dxe4 3. fxe4 e5 4. Nf3 Bg4 5. Bc4 Bc5 6. a3 Bxf3 7. gxf3 Qh4+ 8.
Ke2 Qf2+ 9. Kd3 Qd4+ 10. Ke2 Qxc4+ 11. d3 Qd4 12. c3 Qf2# 0-1

[Event "Challenge"]
[Site "http://www.queenalice.com/game.php?id=648728"]
[Date "2009.9.7"]
[Round "-"]
[White "spectro"]
[Black "lucasfais"]
[Result "0-1"]
[WhiteElo "1797"]
[BlackElo "1290"]

1. e4 e5 2. Qf3 Bc5 3. Bc4 Nf6 4. Nh3 h6 5. d3 d6 6. Bg5 hxg5 7. Nxg5 Be6 8.
Bxe6 fxe6 9. Nxe6 Qe7 10. Ng5 Nc6 11. Nc3 Nd4 12. Qd1 Rh5 13. h4 O-O-O 14. Nd5
Qd7 15. Nxf6 gxf6 16. Qxh5 Nxc2+ 17. Ke2 Nxa1 18. Rxa1 Bd4 19. Nf3 Qa4 20. Qf5+
Rd7 21. Nd2 Bxb2 22. Rb1 Qxa2 23. h5 Bc3 24. Rd1 Kd8 25. Qxf6+ Re7 26. Qg5 b5
27. Kf3 Qc2 28. Ke3 Qxd1 29. Nf3 b4 30. h6 Kd7 31. Qf6 b3 32. Qf5+ Kc6 33. Qf6
Rd7 34. Nxe5+ Bxe5 35. Qe6 b2 36. Qc4+ Kb7 37. f4 Qc1+ 38. Qxc1 bxc1=Q+ 39. Kf3
Qxf4+ 40. Ke2 Qxh6 41. Kf1 Qe3 42. g4 Rf7+ 43. Kg2 Qg3+ 0-1

[Event "XecaAqui!!"]
[Site "http://www.queenalice.com/game.php?id=650264"]
[Date "2009.9.10"]
[Round "3"]
[White "lucasfais"]
[Black "manzan"]
[Result "0-1"]
[WhiteElo "1290"]
[BlackElo "1746"]

1. e4 e6 2. d3 Nc6 3. Bf4 Qf6 4. Bxc7 Qxb2 5. Nd2 Nd4 6. Be5 Nxc2+ 7. Ke2 Qxe5
8. Qxc2 Qxa1 9. Nb3 Qe5 10. Nf3 Qh5 11. h3 Ne7 12. g4 Qb5 13. Nbd4 Qb4 14. Qb3
Qa5 15. Bg2 Nc6 16. Rc1 Bc5 17. Nb5 Bb6 18. Nd6+ Kf8 19. Ng5 Nd4+ 20. Kd1 Nxb3
21. axb3 Qxg5 22. Nxc8 Ba5 23. d4 Qd2# 0-1

[Event "XecaAqui!!"]
[Site "http://www.queenalice.com/game.php?id=660189"]
[Date "2009.9.29"]
[Round "4"]
[White "lucasfais"]
[Black "tinogomes"]
[Result "0-1"]
[WhiteElo "1320"]
[BlackElo "1633"]

1. e4 d6 2. Nc3 c6 3. Nf3 Bg4 4. d3 e5 5. h3 Bxf3 6. Qxf3 Qf6 7. Be2 Be7 8. g4
Nd7 9. Be3 a5 10. g5 Qxf3 11. Bxf3 a4 12. d4 exd4 13. Bxd4 h6 14. gxh6 Nxh6 0-1

[Event "Asatim Chess"]
[Site "http://www.queenalice.com/game.php?id=681943"]
[Date "2009.11.12"]
[Round "1"]
[White "lucasfais"]
[Black "manzan"]
[Result "0-1"]
[WhiteElo "1319"]
[BlackElo "1768"]

1. e4 e5 2. Nf3 Bd6 3. Bc4 Nh6 4. d3 O-O 5. Bg5 Be7 6. Bxh6 d5 7. Bxg7 Kxg7 8.
Bxd5 Bg4 9. h3 Bh5 10. g4 Bc5 11. gxh5 Rg8 12. Nxe5 Qf6 13. Qf3 Bd4 14. c3 Bxe5
15. d4 Qxf3 16. Rg1+ Kh8 17. Nd2 Rxg1+ 18. Nf1 Bg3 19. fxg3 Qd3 0-1

[Event "Asatim Chess"]
[Site "http://www.queenalice.com/game.php?id=689368"]
[Date "2009.11.27"]
[Round "2"]
[White "lucasfais"]
[Black "jcmlima"]
[Result "0-1"]
[WhiteElo "1317"]
[BlackElo "1641"]

1. e4 e5 2. Bc4 Nf6 3. d3 a6 4. a4 Nc6 5. Nf3 Bc5 6. Be3 Bxe3 7. fxe3 d6 8. Nc3
Bg4 9. Bd5 Qd7 10. h3 Bxf3 11. Qxf3 O-O 12. g4 Nxd5 13. Nxd5 b5 14. Qf5 Qxf5 15.
exf5 Ra7 16. f6 g6 17. axb5 axb5 18. Rxa7 Nxa7 19. Ne7+ Kh8 20. b4 h6 21. h4 Nc8
22. Nd5 Nb6 23. Nxb6 cxb6 24. c3 Ra8 25. O-O Ra3 26. Rc1 Ra2 27. h5 g5 28. Kf1
d5 29. d4 e4 30. Ke1 Rg2 31. Kd1 Rxg4 32. Kc2 Rg3 33. Kd2 Rh3 34. Rf1 Rxh5 35.
Rf5 Rh2+ 36. Ke1 g4 37. Kf1 h5 38. Rf2 g3 39. Rxh2 gxh2 40. Kg2 Kh7 41. Kxh2 Kg6
42. Kg3 Kxf6 43. Kf4 h4 44. Kg4 h3 45. Kxh3 Kg5 46. Kg2 Kg4 47. Kf2 f5 48. Ke2
f4 49. exf4 Kxf4 50. Kf2 e3+ 51. Kg2 Ke4 52. Kg3 e2 53. Kf2 Kd3 54. Ke1 Ke3 55.
c4 bxc4 56. b5 Kd3 57. Kf2 Kd2 58. Kf3 e1=Q 0-1

[Event "Asatim Chess"]
[Site "http://www.queenalice.com/game.php?id=696598"]
[Date "2009.12.12"]
[Round "3"]
[White "pahagon"]
[Black "lucasfais"]
[Result "1-0"]
[WhiteElo "1022"]
[BlackElo "1314"]

1. d4 Nc6 2. e4 e6 3. a3 d5 4. Nc3 dxe4 5. Nxe4 e5 6. d5 Bf5 7. f3 Nf6 8. Bg5
Qxd5 9. Qxd5 Nxd5 10. Bd3 Nd4 11. O-O-O f6 12. Bd2 c6 13. Ne2 Nxe2+ 14. Bxe2 Nf4
15. Bxf4 exf4 16. g4 Bxe4 17. fxe4 a5 18. Rhf1 g5 19. Bc4 b5 20. Be6 Rd8 21. Rf3
Rd6 22. Bf5 h5 23. Bg6+ Kd7 24. Bxh5 Rxd1+ 25. Kxd1 Bc5 26. h4 b4 27. hxg5 fxg5
28. axb4 axb4 29. Bg6 Rh1+ 30. Kd2 Be3+ 31. Kd3 Rd1+ 32. Kc4 Rg1 33. Bf5+ Kd6
34. Kxb4 c5+ 35. Kb5 Rb1 36. e5+ Kxe5 37. b4 Rxb4+ 38. Kc6 Rb2 39. Kd7 Rxc2 40.
Bxc2 Kd4 41. Ke6 Kc3 42. Be4 c4 43. Kf5 Kd4 44. Bb1 c3 45. Kxg5 Kc4 46. Kf5 Kb3
47. g5 c2 48. Bxc2+ Kxc2 49. Rxf4 Bxf4 50. Kxf4 Kd3 51. g6 Ke2 52. g7 Kf2 53.
g8=Q Ke2 54. Qg4+ Kd3 55. Qf3+ Kd4 56. Qe4+ Kc5 57. Ke5 Kb5 58. Kd5 Kb6 59. Qc4
Kb7 60. Kd6 Kb8 61. Kd7 Kb7 62. Qb4+ Ka8 63. Kc6 Ka7 64. Qb7# 1-0

[Event "Challenge"]
[Site "http://www.queenalice.com/game.php?id=729654"]
[Date "2010.2.11"]
[Round "-"]
[White "CristianLonghinoti"]
[Black "lucasfais"]
[Result "0-1"]
[WhiteElo "1333"]
[BlackElo "1321"]

1. e4 e5 2. Nf3 Nc6 3. d3 Bc5 4. Qe2 Nf6 5. Nbd2 Ng4 6. h3 Bxf2+ 7. Kd1 Ne3+ 8.
Qxe3 Bxe3 9. Nc4 Bc5 10. Be3 d6 11. c3 Bxe3 12. Nxe3 O-O 13. d4 exd4 14. cxd4
Re8 15. Bd3 d5 16. Bc2 dxe4 17. Nd2 Nxd4 18. Ba4 b5 19. Bc2 Nxc2 20. Nxc2 e3 0-1

[Event "Dama é + legal"]
[Site "http://www.queenalice.com/game.php?id=737626"]
[Date "2010.2.25"]
[Round "2"]
[White "lucasfais"]
[Black "lcameroon"]
[Result "0-1"]
[WhiteElo "1335"]
[BlackElo "1613"]

1. e4 e5 2. Nf3 d6 3. Bc4 Be7 4. Nc3 Nf6 5. d3 O-O 6. Ng5 c6 7. Bxf7+ Rxf7 8.
Nxf7 Kxf7 9. Qf3 Kg8 10. Qg3 c5 11. Bh6 Ng4 12. Bd2 Bh4 13. Qf3 Bxf2+ 14. Ke2
Nc6 15. h3 Nd4+ 16. Kf1 Nxf3 17. gxf3 Be3 18. Ke2 Bxd2 19. Kxd2 Qg5+ 20. Ke2
Qe3+ 0-1

[Event "A Revanche!"]
[Site "http://www.queenalice.com/game.php?id=745009"]
[Date "2010.3.12"]
[Round "-"]
[White "lcameroon"]
[Black "lucasfais"]
[Result "1-0"]
[WhiteElo "1606"]
[BlackElo "1335"]

1. e4 e5 2. d3 Bc5 3. Nf3 Nc6 4. Nc3 Nf6 5. Na4 d6 6. Nxc5 dxc5 7. Be2 b5 8. Be3
Nd4 9. Nxe5 Qe7 10. Nf3 Nxf3+ 11. Bxf3 O-O 12. e5 Qxe5 13. Bxa8 Bg4 14. Bf3 Bxf3
15. gxf3 Qxb2 16. Rb1 Qc3+ 17. Qd2 Nd5 18. O-O b4 19. Qxc3 Nxc3 20. Rb3 a5 21.
Bxc5 a4 22. Rxb4 Re8 23. Rc4 Nxa2 24. Ra1 h6 25. Rxa2 Ra8 26. Raxa4 Rxa4 27.
Rxa4 f6 28. Ra7 c6 29. Rc7 Kh7 30. Rxc6 Kg6 31. d4 Kf5 32. d5 Ke5 33. c4 Kf4 34.
d6 g5 35. d7 f5 36. d8=Q h5 37. Re6 g4 38. Qd2+ Kxf3 39. Qe3# 1-0

[Event "Dama é + legal"]
[Site "http://www.queenalice.com/game.php?id=757414"]
[Date "2010.4.7"]
[Round "3"]
[White "DKonishi"]
[Black "lucasfais"]
[Result "1-0"]
[WhiteElo "1603"]
[BlackElo "1335"]

1. e4 e5 2. Nf3 Nc6 3. Bc4 Bc5 4. d3 d6 5. Nc3 h6 6. a3 Nf6 7. Qe2 Bg4 8. Be3
Nd4 9. Bxd4 Bxd4 10. h3 Bxf3 11. Qxf3 c6 12. O-O b5 13. Bb3 g5 14. Qf5 a5 15.
Rab1 b4 16. Ne2 c5 17. Ba4+ Kf8 18. c3 1-0